[Event "Moscow Aeroflot op"]
[Site "Moscow"]
[Date "2002.02.07"]
[Round "5"]
[White "Kosteniuk, Alexandra"]
[Black "Meshkov, Yuri A"]
[Result "1-0"]
[WhiteElo "2469"]
[BlackElo "2407"]
[Annotator "Gofshtein,L"]
[PlyCount "60"]
[EventDate "2002.02.04"]
[EventType "swiss"]
[EventRounds "9"]
[EventCountry "RUS"]
[SourceTitle "CBM 088"]
[Source "ChessBase"]
[SourceDate "2002.03.21"]
[SourceVersion "1"]
[SourceVersionDate "2002.03.21"]
[SourceQuality "1"]

1. e4 g6 2. d4 Bg7 3. Nc3 d6 4. f4 a6 5. Nf3 b5 6. Bd3 Nd7 7. e5 $5 {[%mdl 4]}
e6 {More sharp line is 7...c5 as a game Grischuk-Bacrot showed white has an
initiative.} (7... c5 8. Be3 Bb7 9. Be4 Qc8 10. Bxb7 Qxb7 11. dxc5 dxe5 12. Qd5
Qxd5 13. Nxd5 Rc8 14. Nb6 $36 {Grischuk-Bacrot,2002}) 8. exd6 {Deserves
attention 8.Ne4 or 8.a4.} (8. Ne4 $5 Nb6 9. Bd2 (9. O-O Ne7 10. Qe1 Bb7 11.
Nf6+ Bxf6 12. exf6 Nf5 $132 {0-1 Chernov,V-Moldovan,D/Brasov 1998/CBM 63 ext 
(33)}) 9... Bb7 10. Ba5 Nc4 11. Bxc4 Bxe4 12. Bd3 Bxd3 13. Qxd3 Ne7 $132 {
1/2-1/2 Keskinen,S-Nouro,M/FIN 1998/EXT 2002 (40)}) (8. a4 $5 b4 (8... bxa4 9.
Rxa4 Ne7 10. Ne4 $16 {1-0 Alekseev,E-Loginov,A/Saratov 1999/CBM 73 ext (42)})
9. Ne4 d5 10. Neg5 (10. Ned2 c5 11. c4 Ne7 12. cxd5 Nxd5 13. Nc4 $132 {0-1
Renet,O-Petran,P/Groningen 1991/CBM 26 ext (38)}) 10... h6 11. Nh3 a5 12. Qe2
c5 13. c3 Qb6 14. Be3 Bf8 15. O-O c4 16. Bb1 Ne7 $13 {0-1 Van Wissen,M-Petran,
P/Olomouc 1999/CBM 71 ext (46)}) (8. h4 h5 $6 9. Ng5 Nf8 10. Nce4 $16 {1-0
Pirrot,D-Slobodjan,R/Bad Woerishofen 1999/EXT 2000 (35)}) (8. Be3 Ne7 (8... Bb7
9. a4 b4 10. Ne4 Bxe4 11. Bxe4 d5 12. Bd3 $16 {1-0 Lau,R-Petran,P/Vienna 1998/
EXT 2000 (31)}) 9. Bf2 Bb7 10. Qe2 b4 11. Nd1 Nd5 $132 {0-1 Dineley,R-Dunworth,
C/Newport 2000/EXT 2001 (31)}) (8. O-O Ne7 9. Ne4 d5 10. Ned2 c5 11. c3 Bb7 12.
Kh1 Qb6 $132 {0-1 Ploetz,W-Ferlan,I/Germany 1990/GER-chT2 (42)}) 8... cxd6 9.
d5 {White trying to open the game using their development.} e5 {Worth to
attention 9...Nc5 with counterplay.} (9... Nc5 $5 10. O-O Ne7 $132) 10. a4 {
[%csl Rb5][%cal Ya4b5,Yd3b5] White trying to destroy a pawn structure on the
Queen's side.} f5 $2 {Antipositional move weakening "e6" spot.} (10... b4 $5
11. Ne4 Qc7 12. fxe5 Nxe5 13. Qe2 Ne7 $132) 11. Ng5 $1 {[%csl Ye6][%cal Rg5e6]
Accepting the invitation.} e4 (11... Nc5 12. axb5 h6 13. Nh3 $16) 12. Ne6 Bxc3+
{Black forced to exchange their black bishop due to tactical threats.} 13. bxc3
$16 Qb6 (13... Qa5 14. Be2 $36) 14. Be2 Ngf6 {Extremly hard to advice
something suitable for black.} (14... bxa4 15. Rxa4 Ndf6 16. Bb5+ Bd7 17. Bxd7+
Nxd7 18. Rc4 $36) 15. axb5 Bb7 16. bxa6 Bxd5 {It seems that black gained some
counterplay in the center of the board,but white pieces doing much more
effective.} 17. Nd4 Ke7 {Looks very suspective.Somewhat better 17...0-0} (17...
O-O 18. Be3 Nc5 19. O-O Rfb8 20. Nb3 $16 {[%cal Yd1d6,Ye3c5,Yb3c5]}) 18. Be3 {
The absence of black-square bishop is decisive.} Qb2 {Black queen moves face
to face to danger.} (18... Qc7 19. Nb5 Qc6 20. c4 $18) 19. Nb5 $1 Rhb8 20. Bd4
Rxb5 21. c4 Qb4+ 22. c3 $18 {Losing the Queen and the game.} Qxc4 23. Bxc4 Bxc4
24. Qa4 d5 25. a7 {Pushing pawn step by step moving to victory.} Ne8 26. Kf2
Bd3 27. c4 {With idea to move in the game Rook "h1".} Bxc4 28. Qa3+ Ke6 29.
Rhb1 Nd6 30. Rxb5 Nxb5 {Black resigned not waiting the obvious 31.Qa6.} 1-0

[Event "Moscow Aeroflot op"]
[Site "Moscow"]
[Date "2002.02.08"]
[Round "6"]
[White "Kosteniuk, Alexandra"]
[Black "Inarkiev, Ernesto"]
[Result "1/2-1/2"]
[WhiteElo "2469"]
[BlackElo "2500"]
[PlyCount "24"]
[EventDate "2002.02.04"]
[EventType "swiss"]
[EventRounds "9"]
[EventCountry "RUS"]
[SourceTitle "CBM 088"]
[Source "ChessBase"]
[SourceDate "2002.03.21"]
[SourceVersion "1"]
[SourceVersionDate "2002.03.21"]
[SourceQuality "1"]

1. e4 g6 2. d4 Bg7 3. Nc3 d6 4. f4 Nf6 5. Nf3 c5 6. Bb5+ Bd7 7. e5 Ng4 8. e6
fxe6 9. Ng5 Bxb5 10. Nxe6 Bxd4 11. Nxd8 Bf2+ 12. Kd2 Be3+ 1/2-1/2

[Event "Moscow Aeroflot op"]
[Site "Moscow"]
[Date "2002.02.09"]
[Round "8"]
[White "Mirovshchikov, Sergey"]
[Black "Kosteniuk, Alexandra"]
[Result "1-0"]
[WhiteElo "2402"]
[BlackElo "2469"]
[PlyCount "87"]
[EventDate "2002.02.04"]
[EventType "swiss"]
[EventRounds "9"]
[EventCountry "RUS"]
[SourceTitle "CBM 088"]
[Source "ChessBase"]
[SourceDate "2002.03.21"]
[SourceVersion "1"]
[SourceVersionDate "2002.03.21"]
[SourceQuality "1"]

1. c4 e6 2. d4 d5 3. Nf3 c6 4. e3 Nf6 5. Bd3 Nbd7 6. O-O dxc4 7. Bxc4 b5 8. Bd3
a6 9. a4 b4 10. Nbd2 c5 11. Nb3 Bb7 12. Qe2 Qc7 13. Bd2 Ne4 14. Rfc1 Nxd2 15.
Nfxd2 Qb6 16. a5 Qa7 17. Be4 Rc8 18. Qf3 Bxe4 19. Qxe4 Be7 20. Rc4 O-O 21. Qc2
Rcd8 22. Ne4 cxd4 23. Nxd4 Qa8 24. Nc6 Rde8 25. Rd1 Nf6 26. Nxe7+ Rxe7 27.
Nxf6+ gxf6 28. Rg4+ Kh8 29. Rh4 f5 30. Rxb4 f6 31. Rb6 Rg8 32. Qc6 Qxc6 33.
Rxc6 Rb8 34. Rb6 Ra8 35. Rdd6 Rc8 36. g3 f4 37. exf4 Rc2 38. Rxe6 Rd7 39. Re3
Kg7 40. b4 Rdd2 41. Rf3 Rb2 42. f5 h5 43. Rf4 Rd5 44. Rxa6 1-0

[Event "Moscow Aeroflot op"]
[Site "Moscow"]
[Date "2002.02.10"]
[Round "9"]
[White "Kosteniuk, Alexandra"]
[Black "Varavin, Viktor"]
[Result "1-0"]
[WhiteElo "2469"]
[BlackElo "2484"]
[PlyCount "64"]
[EventDate "2002.02.04"]
[EventType "swiss"]
[EventRounds "9"]
[EventCountry "RUS"]
[SourceTitle "CBM 088"]
[Source "ChessBase"]
[SourceDate "2002.03.21"]
[SourceVersion "1"]
[SourceVersionDate "2002.03.21"]
[SourceQuality "1"]

1. e4 e5 2. Nf3 Nc6 3. Bb5 a6 4. Ba4 Nf6 5. O-O Be7 6. Re1 b5 7. Bb3 d6 8. c3
O-O 9. h3 Nd7 10. d4 Bf6 11. a4 Bb7 12. Na3 exd4 13. cxd4 Re8 14. Bf4 Na5 15.
Bc2 b4 16. Nb1 Nf8 17. Nbd2 Ne6 18. Be3 c5 19. d5 Nf8 20. Rb1 c4 21. b3 cxb3
22. Nxb3 Nc4 23. Bd4 Nd7 24. Bd3 Rc8 25. Bxf6 Nxf6 26. Bxc4 Rxc4 27. Nbd2 Rc3
28. Rxb4 Qc7 29. Qb1 Bc8 30. Rb3 Bd7 31. Rxc3 Qxc3 32. Qb6 Qa3 1-0

[Event "Bishan SIGC sim"]
[Site "Bishan"]
[Date "2002.03.13"]
[Round "?"]
[White "Kosteniuk, Alexandra"]
[Black "Chan, Weng Chee"]
[Result "0-1"]
[WhiteElo "2469"]
[BlackElo "1836"]
[PlyCount "66"]
[EventDate "2002.03.13"]
[EventType "simul"]
[EventRounds "1"]
[EventCountry "SIN"]
[SourceTitle "EXT 2008"]
[Source "ChessBase"]
[SourceDate "2007.11.25"]
[SourceVersion "1"]
[SourceVersionDate "2007.11.25"]
[SourceQuality "1"]

1. e4 e6 2. Nf3 d5 3. Nc3 d4 4. Ne2 c5 5. Ng3 Nc6 6. Bc4 Bd6 7. O-O Qc7 8. Re1
Nge7 9. d3 h5 10. Nf1 a6 11. a4 Bd7 12. Bg5 f6 13. Bd2 g5 14. c3 Ng6 15. Kh1 g4
16. Ng1 Nge5 17. cxd4 cxd4 18. Rc1 a5 19. Bb5 Ke7 20. Ne2 Qb6 21. Nf4 Rag8 22.
Re2 h4 23. Qe1 h3 24. Bxc6 hxg2+ 25. Kxg2 Nf3 26. Qd1 bxc6 27. Kh1 e5 28. Ng2
Rxh2+ 29. Nxh2 Rh8 30. Nh4 Rxh4 31. Kg2 Rxh2+ 32. Kg3 Qd8 33. Bh6 Qe8 0-1

[Event "Jakarta JAPFA m1"]
[Site "Jakarta"]
[Date "2002.03.18"]
[Round "1"]
[White "Susilodinata, Andrean"]
[Black "Kosteniuk, Alexandra"]
[Result "0-1"]
[WhiteElo "2244"]
[BlackElo "2489"]
[PlyCount "118"]
[EventDate "2002.03.18"]
[EventType "match"]
[EventRounds "2"]
[EventCountry "INA"]
[SourceTitle "CBM 087 Extra"]
[Source "ChessBase"]
[SourceDate "2002.05.03"]
[SourceVersion "2"]
[SourceVersionDate "2002.08.09"]
[SourceQuality "1"]

1. e4 c5 2. Nf3 Nc6 3. d4 cxd4 4. Nxd4 Nf6 5. Nc3 d6 6. Bc4 e6 7. O-O Be7 8.
Bb3 O-O 9. Be3 d5 10. exd5 exd5 11. Nf3 Be6 12. Bg5 Ne4 13. Bxe7 Nxe7 14. Ne2
Nc6 15. Nf4 Qf6 16. Nxd5 Qxb2 17. Qe1 Bxd5 18. Bxd5 Nc3 19. Bb3 Rae8 20. Qd2
Re2 21. Qd7 Re7 22. Qf5 g6 23. Qh3 Ne2+ 24. Kh1 Qf6 25. Qh6 Qg7 26. Qh4 h6 27.
Rae1 Rfe8 28. Bd5 g5 29. Qg4 Ne5 30. Qb4 Ng6 31. Bxb7 Qc3 32. Qxc3 Nxc3 33. Bc6
Rxe1 34. Rxe1 Rxe1+ 35. Nxe1 Nxa2 36. Nd3 Nc3 37. Nc5 Ne5 38. Ba4 Nxa4 39. Nxa4
Kf8 40. Kg1 Ke7 41. Kf1 Kd6 42. Ke2 Kd5 43. Kd2 Kd4 44. f3 f5 45. Ke2 Kc4 46.
Ke3 Kb4 47. Kd4 Nc6+ 48. Kd5 Ne7+ 49. Ke6 Kxa4 50. Kxe7 Kb4 51. Kf6 a5 52. Kxf5
a4 53. Kg6 a3 54. Kxh6 a2 55. Kxg5 a1=Q 56. g4 Qe5+ 57. Kg6 Qxh2 58. g5 Qf4 59.
Kh5 Qxf3+ 0-1

[Event "Jakarta JAPFA m1"]
[Site "Jakarta"]
[Date "2002.03.19"]
[Round "2"]
[White "Kosteniuk, Alexandra"]
[Black "Susilodinata, Andrean"]
[Result "1-0"]
[WhiteElo "2489"]
[BlackElo "2244"]
[PlyCount "107"]
[EventDate "2002.03.18"]
[EventType "match"]
[EventRounds "2"]
[EventCountry "INA"]
[SourceTitle "CBM 087 Extra"]
[Source "ChessBase"]
[SourceDate "2002.05.03"]
[SourceVersion "2"]
[SourceVersionDate "2002.08.09"]
[SourceQuality "1"]

1. e4 c6 2. d4 d5 3. Nd2 dxe4 4. Nxe4 Bf5 5. Ng3 Bg6 6. Bc4 e6 7. N1e2 Bd6 8.
h4 h6 9. Nf4 Bxf4 10. Bxf4 Nf6 11. Qe2 Qxd4 12. Be5 Qc5 13. O-O-O Bxc2 14. Bd6
Bxd1 15. Rxd1 Qa5 16. Bxe6 fxe6 17. Qxe6+ Kd8 18. Bb4+ Qd5 19. Be7+ Kc7 20.
Bd6+ Kb6 21. Qe3+ Ka6 22. Rxd5 Nxd5 23. Qa3+ Kb6 24. Qc5+ Ka6 25. b4 b6 26. b5+
Ka5 27. Qa3+ Kxb5 28. Qd3+ Ka5 29. Nf5 b5 30. Qa3+ Kb6 31. Bc5+ Kb7 32. Nd6+
Kc7 33. Nf7 Rg8 34. Qg3+ Kc8 35. Nxh6 Re8 36. Nf7 Re1+ 37. Kd2 Ra1 38. Nd6+ Kd8
39. Qg5+ Nf6 40. Qxg7 Rxa2+ 41. Ke3 Nbd7 42. Qh8+ Kc7 43. Qxa8 Nxc5 44. Ne8+
Nxe8 45. Qxe8 Ra3+ 46. Ke2 Ra4 47. Qf7+ Kb6 48. h5 b4 49. h6 b3 50. h7 Re4+ 51.
Kd2 Rd4+ 52. Kc3 Rd3+ 53. Kc4 Rd8 54. Qe7 1-0

[Event "Jakarta JAPFA m2"]
[Site "Jakarta"]
[Date "2002.??.??"]
[Round "1"]
[White "Megaranto, Susanto"]
[Black "Kosteniuk, Alexandra"]
[Result "0-1"]
[WhiteElo "2364"]
[BlackElo "2489"]
[PlyCount "142"]
[EventDate "2002.03.18"]
[EventType "match"]
[EventRounds "2"]
[EventCountry "INA"]
[SourceTitle "CBM 087 Extra"]
[Source "ChessBase"]
[SourceDate "2002.05.03"]
[SourceVersion "2"]
[SourceVersionDate "2002.08.09"]
[SourceQuality "1"]

1. e4 c5 2. Nf3 d6 3. d4 cxd4 4. Nxd4 Nf6 5. Nc3 g6 6. Be2 Bg7 7. O-O Nc6 8.
Nb3 O-O 9. Be3 Be6 10. f4 a5 11. a4 Rc8 12. Bf3 Nd7 13. Kh1 Nb6 14. Bxb6 Qxb6
15. Nd5 Bxd5 16. exd5 Nd4 17. Nxd4 Bxd4 18. c3 Bf6 19. Qe2 Rc5 20. g3 Qc7 21.
Ra3 Rb8 22. Rb3 Rc4 23. Ra1 Kg7 24. Rb5 h5 25. h4 Re8 26. Kg2 b6 27. Qd3 Rc5
28. Re1 Rc8 29. Re4 Qb7 30. Re2 Rxb5 31. axb5 Qc7 32. Re4 Qd7 33. Re2 a4 34. c4
Qc7 35. Rc2 Ra8 36. Qa3 Bd4 37. Rc1 Ra7 38. Bd1 Kh7 39. Bxh5 Bc5 40. Qd3 a3 41.
b3 Qd7 42. Ra1 a2 43. b4 Bxb4 44. Bd1 e5 45. fxe5 Qe7 46. Qe2 dxe5 47. Rxa2
Rxa2 48. Qxa2 e4 49. Qe2 Qe5 50. Qf2 f5 51. Be2 Bc5 52. Qf4 Qd4 53. Qc7+ Kg8
54. Qb8+ Bf8 55. Qe8 Kg7 56. h5 gxh5 57. Bxh5 Qf6 58. Qd7+ Kh6 59. Qc6 Bd6 60.
Qe8 Qg7 61. Qe6+ Kxh5 62. Qxd6 Qb2+ 63. Kh3 Qc1 64. Kg2 Qd2+ 65. Kh3 Qe1 66.
Kg2 Qe2+ 67. Kh3 Qf1+ 68. Kh2 Qf2+ 69. Kh1 e3 70. Qc7 Kg4 71. Qg7+ Kf3 0-1

[Event "Jakarta JAPFA m2"]
[Site "Jakarta"]
[Date "2002.03.23"]
[Round "2"]
[White "Kosteniuk, Alexandra"]
[Black "Megaranto, Susanto"]
[Result "1-0"]
[WhiteElo "2489"]
[BlackElo "2364"]
[PlyCount "99"]
[EventDate "2002.03.18"]
[EventType "match"]
[EventRounds "2"]
[EventCountry "INA"]
[SourceTitle "CBM 087 Extra"]
[Source "ChessBase"]
[SourceDate "2002.05.03"]
[SourceVersion "2"]
[SourceVersionDate "2002.08.09"]
[SourceQuality "1"]

1. e4 c6 2. d4 d5 3. Nd2 dxe4 4. Nxe4 Bf5 5. Ng3 Bg6 6. h4 h6 7. Nf3 Nd7 8. h5
Bh7 9. Bd3 Bxd3 10. Qxd3 e6 11. Bd2 Qc7 12. O-O-O O-O-O 13. Ne4 Ngf6 14. g3
Nxe4 15. Qxe4 Nf6 16. Qe2 Bd6 17. c4 c5 18. Kb1 cxd4 19. Nxd4 Bxg3 20. Nb5 Qe5
21. Nxa7+ Kb8 22. Be3 Bf4 23. Nb5 Bxe3 24. fxe3 Ne4 25. Rxd8+ Rxd8 26. Rd1
Rxd1+ 27. Qxd1 Qf6 28. Kc1 e5 29. b4 g6 30. Qd3 Qc6 31. hxg6 fxg6 32. c5 g5 33.
Qd8+ Qc8 34. Qe7 Ka8 35. Qxe5 Nf2 36. Qc3 Kb8 37. Qd2 Qh8 38. Qd6+ Ka8 39. Kb1
Ne4 40. Qd3 Qf6 41. Qa3+ Kb8 42. Qa7+ Kc8 43. Qa8+ Kd7 44. Qxb7+ Kd8 45. Qd5+
Kc8 46. Na7+ Kb8 47. Nc6+ Kc7 48. Qxe4 Qxc6 49. Qxc6+ Kxc6 50. Kc2 1-0

[Event "Jakarta JAPFA m3"]
[Site "Jakarta"]
[Date "2002.??.??"]
[Round "1"]
[White "Purnama, Tirta Chandra"]
[Black "Kosteniuk, Alexandra"]
[Result "0-1"]
[WhiteElo "2102"]
[BlackElo "2489"]
[PlyCount "74"]
[EventDate "2002.03.18"]
[EventType "match"]
[EventRounds "2"]
[EventCountry "INA"]
[SourceTitle "CBM 087 Extra"]
[Source "ChessBase"]
[SourceDate "2002.05.03"]
[SourceVersion "2"]
[SourceVersionDate "2002.08.09"]
[SourceQuality "1"]

1. d4 d5 2. c4 e6 3. Nf3 c6 4. Nc3 dxc4 5. a4 Bb4 6. e3 b5 7. Bd2 a5 8. axb5
Bxc3 9. Bxc3 cxb5 10. b3 Bb7 11. d5 Nf6 12. bxc4 b4 13. Bxf6 Qxf6 14. Qa4+ Nd7
15. Nd4 e5 16. Nb3 e4 17. Nd4 Qb6 18. c5 Qxc5 19. Bb5 Qc3+ 20. Kd1 Rd8 21. Rc1
Qa3 22. Qxa3 bxa3 23. d6 a2 24. Ke2 Rc8 25. Nf5 Kd8 26. Rhd1 Rc5 27. Nd4 Rxb5
28. Nxb5 Ba6 29. Rd5 Nb6 30. Rf5 g6 31. Rg5 f5 32. g4 Bxb5+ 33. Ke1 Rf8 34.
gxf5 Rxf5 35. Rxf5 gxf5 36. Kd2 Bd3 37. Kc3 Na4+ 0-1

[Event "Jakarta JAPFA m3"]
[Site "Jakarta"]
[Date "2002.03.??"]
[Round "2"]
[White "Kosteniuk, Alexandra"]
[Black "Purnama, Tirta Chandra"]
[Result "1-0"]
[WhiteElo "2489"]
[BlackElo "2102"]
[PlyCount "79"]
[EventDate "2002.03.18"]
[EventType "match"]
[EventRounds "2"]
[EventCountry "INA"]
[SourceTitle "CBM 087 Extra"]
[Source "ChessBase"]
[SourceDate "2002.05.03"]
[SourceVersion "2"]
[SourceVersionDate "2002.08.09"]
[SourceQuality "1"]

1. e4 c5 2. Nf3 d6 3. d4 cxd4 4. Nxd4 Nf6 5. Nc3 a6 6. Bg5 e6 7. f4 Be7 8. Qf3
Qc7 9. O-O-O Nbd7 10. g4 b5 11. Bxf6 Nxf6 12. g5 Nd7 13. f5 Nc5 14. f6 gxf6 15.
gxf6 Bf8 16. Rg1 b4 17. Nd5 Qb7 18. Re1 Bd7 19. Ne7 b3 20. cxb3 a5 21. Bc4 a4
22. Kb1 axb3 23. Nxb3 Qb4 24. Rc1 Bh6 25. Rc3 Na4 26. Rc2 Nb6 27. a3 Qa4 28. e5
Rb8 29. Rg4 Qa8 30. Qxa8 Rxa8 31. exd6 Ba4 32. Ka2 Nxc4 33. Rcxc4 Bxb3+ 34.
Kxb3 Kd7 35. Nc6 Rhf8 36. Rgd4 Be3 37. Ne5+ Kd8 38. Rc7 Rb8+ 39. Rb4 Rxb4+ 40.
axb4 1-0

[Event "Manises Magistral m"]
[Site "Manises"]
[Date "2002.06.16"]
[Round "2"]
[White "Kosteniuk, Alexandra"]
[Black "Karpov, Anatoly"]
[Result "1-0"]
[WhiteElo "2459"]
[BlackElo "2690"]
[PlyCount "82"]
[EventDate "2002.06.16"]
[EventType "match (rapid)"]
[EventRounds "4"]
[EventCountry "ESP"]
[SourceTitle "CBM 088 Extra"]
[Source "ChessBase"]
[SourceDate "2002.07.01"]
[SourceVersion "2"]
[SourceVersionDate "2002.07.01"]
[SourceQuality "1"]

1. e4 c6 2. d4 d5 3. e5 Bf5 4. Nc3 a6 5. Nge2 e6 6. Ng3 Bg6 7. Bd3 c5 8. Nce2
Nc6 9. f4 Bxd3 10. Qxd3 cxd4 11. Nxd4 Nxd4 12. Qxd4 Rc8 13. f5 Rc4 14. Qd3 Qb6
15. fxe6 fxe6 16. Rf1 Ne7 17. b3 Rc7 18. Be3 Qb4+ 19. Bd2 Qa3 20. c3 Ng6 21.
Qf3 Qb2 22. Ke2 Nxe5 23. Qh5+ Ng6 24. Qg4 Bd6 25. Qa4+ Rc6 26. Rab1 b5 27. Qg4
Qa3 28. Qxe6+ Kd8 29. Qxd5 Re8+ 30. Kf2 Qc5+ 31. Qxc5 Bxc5+ 32. Kf3 Ne5+ 33.
Ke2 Ng4+ 34. Kd1 Rd6 35. Kc1 Nxh2 36. Bg5+ Kc8 37. b4 Be3+ 38. Bxe3 Rxe3 39.
Nf5 g6 40. Nxe3 Rd1+ 41. Nxd1 Ng4 1-0

[Event "Paris-ch op"]
[Site "Paris"]
[Date "2002.07.07"]
[Round "2"]
[White "Kosteniuk, Alexandra"]
[Black "Glicenstein, Asher"]
[Result "1-0"]
[WhiteElo "2459"]
[BlackElo "2209"]
[PlyCount "109"]
[EventDate "2002.07.06"]
[EventType "swiss"]
[EventRounds "9"]
[EventCountry "FRA"]
[SourceTitle "CBM 089 Extra"]
[Source "ChessBase"]
[SourceDate "2002.09.10"]
[SourceVersion "2"]
[SourceVersionDate "2002.09.10"]
[SourceQuality "1"]

1. e4 c5 2. Nf3 Nc6 3. d4 cxd4 4. Nxd4 Nf6 5. Nc3 e6 6. Ndb5 Bb4 7. a3 Bxc3+ 8.
Nxc3 d5 9. exd5 exd5 10. Bd3 O-O 11. O-O h6 12. h3 d4 13. Ne2 Qd5 14. Ng3 Ne5
15. Bf5 Nc4 16. Bxc8 Raxc8 17. b3 Nb6 18. Bb2 Rfd8 19. Qd3 Qc5 20. Rac1 Rd5 21.
Rfd1 Rcd8 22. Ne2 Nh5 23. b4 Qc7 24. Qf3 Nc4 25. Bxd4 Nf4 26. Nxf4 Rxd4 27.
Rxd4 Rxd4 28. Ne2 Rd2 29. Ng3 Qe5 30. Nf1 Rd7 31. Rd1 Rxd1 32. Qxd1 Qc3 33.
Qd8+ Kh7 34. Qc7 b5 35. Qxf7 Nxa3 36. Qf5+ Kh8 37. Qf8+ Kh7 38. Ne3 a5 39. Qf5+
Kh8 40. bxa5 Qe1+ 41. Kh2 Qxa5 42. Qe5 Qa7 43. Kg1 Qd7 44. Qc5 Nb1 45. Qf5 Qxf5
46. Nxf5 Kh7 47. Nd4 Nc3 48. Kf1 Kg6 49. Ke1 Kf6 50. Kd2 Ne4+ 51. Ke3 Nd6 52.
Nc6 Ke6 53. Kd4 Kf5 54. Kd5 Nf7 55. Nd4+ 1-0

[Event "Paris-ch op"]
[Site "Paris"]
[Date "2002.07.08"]
[Round "3"]
[White "Marcantoni, Herve"]
[Black "Kosteniuk, Alexandra"]
[Result "1-0"]
[WhiteElo "2257"]
[BlackElo "2459"]
[PlyCount "57"]
[EventDate "2002.07.06"]
[EventType "swiss"]
[EventRounds "9"]
[EventCountry "FRA"]
[SourceTitle "CBM 089 Extra"]
[Source "ChessBase"]
[SourceDate "2002.09.10"]
[SourceVersion "2"]
[SourceVersionDate "2002.09.10"]
[SourceQuality "1"]

1. e4 c5 2. Nf3 d6 3. d4 cxd4 4. Nxd4 Nf6 5. Nc3 g6 6. Be3 Bg7 7. f3 O-O 8. Qd2
Nc6 9. Bc4 Nd7 10. O-O-O Nb6 11. Bb3 Na5 12. Qd3 Nxb3+ 13. cxb3 a5 14. a4 Nd7
15. Ndb5 b6 16. Kb1 Nc5 17. Qc2 Bd7 18. g4 Qb8 19. h4 Rc8 20. h5 Bxb5 21. Nxb5
Nxa4 22. Qh2 Nc5 23. hxg6 fxg6 24. Qxh7+ Kf7 25. Rh6 Rg8 26. Qxg6+ Kf8 27. Rh5
Nd7 28. Rf5+ Nf6 29. Nxd6 1-0

[Event "Paris-ch op"]
[Site "Paris"]
[Date "2002.07.10"]
[Round "5"]
[White "Harovelo, Ingmar"]
[Black "Kosteniuk, Alexandra"]
[Result "0-1"]
[WhiteElo "2242"]
[BlackElo "2459"]
[PlyCount "69"]
[EventDate "2002.07.06"]
[EventType "swiss"]
[EventRounds "9"]
[EventCountry "FRA"]
[SourceTitle "CBM 089 Extra"]
[Source "ChessBase"]
[SourceDate "2002.09.10"]
[SourceVersion "2"]
[SourceVersionDate "2002.09.10"]
[SourceQuality "1"]

1. d4 d5 2. c4 e6 3. Nc3 c6 4. e4 dxe4 5. Nxe4 Bb4+ 6. Bd2 Qxd4 7. Bxb4 Qxe4+
8. Ne2 Ne7 9. Qb3 Nd7 10. O-O-O c5 11. Bc3 O-O 12. Ng3 Qf4+ 13. Rd2 Nf6 14. Be2
Nc6 15. Qb5 Nb4 16. Kb1 Ne4 17. Nxe4 Qxe4+ 18. Ka1 Nc2+ 19. Rxc2 Qxc2 20. Re1
Rd8 21. a3 b6 22. Qc6 Bd7 23. Qf3 Ba4 24. h4 Qg6 25. h5 Qg5 26. Bd3 Rac8 27. g3
Bc6 28. Qe2 Rd7 29. Rg1 e5 30. Bc2 Rcd8 31. Qe1 Bf3 32. Qb1 Qxh5 33. Ka2 g6 34.
Qe1 f6 35. Qe3 0-1

[Event "Paris-ch op"]
[Site "Paris"]
[Date "2002.07.13"]
[Round "8"]
[White "Kosteniuk, Alexandra"]
[Black "Rouzaud, Philippe"]
[Result "1-0"]
[WhiteElo "2459"]
[BlackElo "2205"]
[PlyCount "77"]
[EventDate "2002.07.06"]
[EventType "swiss"]
[EventRounds "9"]
[EventCountry "FRA"]
[SourceTitle "CBM 089 Extra"]
[Source "ChessBase"]
[SourceDate "2002.09.10"]
[SourceVersion "2"]
[SourceVersionDate "2002.09.10"]
[SourceQuality "1"]

1. e4 c5 2. Nf3 Nc6 3. d4 cxd4 4. Nxd4 Nf6 5. Nc3 e5 6. Ndb5 d6 7. Bg5 a6 8.
Na3 Be6 9. Nc4 Rc8 10. Bxf6 Qxf6 11. Nb6 Rb8 12. Ncd5 Qd8 13. c3 Be7 14. b4 O-O
15. a4 Bg5 16. Nc4 Ne7 17. h4 Bh6 18. g4 Bxd5 19. exd5 Bf4 20. a5 Qc7 21. Ra3
Rbe8 22. Be2 f5 23. Nb6 e4 24. c4 fxg4 25. Bxg4 Nf5 26. O-O Qe7 27. Rh3 e3 28.
Qd3 exf2+ 29. Rxf2 Qe1+ 30. Rf1 Be3+ 31. Kh2 Nxh4 32. Rxe1 Bf4+ 33. Rg3 Rxe1
34. Qc3 Re5 35. Nd7 Rg5 36. Kh3 Bxg3 37. Nxf8 Be5 38. Qe3 Bf6 39. Qe8 1-0

[Event "Paris-ch op"]
[Site "Paris"]
[Date "2002.07.14"]
[Round "9"]
[White "Abergel, Thal"]
[Black "Kosteniuk, Alexandra"]
[Result "0-1"]
[WhiteElo "2361"]
[BlackElo "2459"]
[PlyCount "100"]
[EventDate "2002.07.06"]
[EventType "swiss"]
[EventRounds "9"]
[EventCountry "FRA"]
[SourceTitle "CBM 089 Extra"]
[Source "ChessBase"]
[SourceDate "2002.09.10"]
[SourceVersion "2"]
[SourceVersionDate "2002.09.10"]
[SourceQuality "1"]

1. e4 c5 2. Nf3 Nc6 3. Bb5 g6 4. O-O Bg7 5. Re1 Nf6 6. d4 cxd4 7. e5 Nd5 8.
Bxc6 dxc6 9. Qxd4 Bf5 10. Na3 Qc7 11. b3 h6 12. Nh4 Be6 13. c4 Nb6 14. Qe4
O-O-O 15. Nc2 Nd7 16. Be3 Qxe5 17. Qxe5 Bxe5 18. Bd4 g5 19. Rxe5 Nxe5 20. Bxe5
gxh4 21. Bxh8 Rxh8 22. Rd1 h3 23. g3 Bg4 24. Rd4 h5 25. f4 c5 26. Rd5 b6 27.
Ne3 Bf3 28. Rd2 e6 29. Kf2 Be4 30. Nd1 a6 31. Ke3 Bf5 32. Nc3 h4 33. gxh4 Rxh4
34. Ne2 Kc7 35. Ng3 Bg6 36. f5 exf5 37. Rf2 f4+ 38. Rxf4 Rxf4 39. Kxf4 Bb1 40.
Ne4 Bxa2 41. Nd2 b5 42. cxb5 axb5 43. Kg3 Kd6 44. Kxh3 Ke5 45. Kg4 c4 46. bxc4
bxc4 47. Nf3+ Ke4 48. Nd2+ Ke3 49. Nxc4+ Bxc4 50. Kf5 Be6+ 0-1

[Event "Biel MTO op"]
[Site "Biel"]
[Date "2002.07.22"]
[Round "1"]
[White "Kosteniuk, Alexandra"]
[Black "Mira, Helene"]
[Result "1-0"]
[WhiteElo "2459"]
[BlackElo "2148"]
[PlyCount "99"]
[EventDate "2002.07.22"]
[EventType "swiss"]
[EventRounds "11"]
[EventCountry "SUI"]
[SourceTitle "EXT 2003"]
[Source "ChessBase"]
[SourceDate "2002.11.25"]
[SourceVersion "1"]
[SourceVersionDate "2002.11.25"]
[SourceQuality "1"]

1. e4 e5 2. Nf3 Nc6 3. Bb5 Nf6 4. O-O Nxe4 5. d4 Nd6 6. Bxc6 dxc6 7. dxe5 Nf5
8. Qxd8+ Kxd8 9. Rd1+ Ke8 10. Nc3 h6 11. Ne2 Bd7 12. b3 a5 13. Bb2 a4 14. Nf4
axb3 15. axb3 Rxa1 16. Rxa1 Bc8 17. Ra8 Kd8 18. e6 Bd6 19. Nh5 fxe6 20. Nxg7
Rg8 21. Nxe6+ Ke7 22. Ned4 Nxd4 23. Bxd4 c5 24. Be3 h5 25. Ng5 b6 26. f3 h4 27.
Ne4 h3 28. g3 Be5 29. f4 Bb2 30. Kf2 Re8 31. Nd2 Bc1 32. Nc4 Bxe3+ 33. Nxe3 Rd8
34. g4 Rd2+ 35. Ke1 Rd8 36. f5 Kf6 37. Kf2 Rd2+ 38. Kg3 Bb7 39. Ra7 Be4 40. Kf4
Bxc2 41. g5+ Ke7 42. Nxc2 Rxc2 43. Rxc7+ Kd6 44. Rh7 Rxh2 45. g6 b5 46. Kg5
Rg2+ 47. Kf6 h2 48. g7 c4 49. bxc4 bxc4 50. Rxh2 1-0